| 000 | 00815cam a22002412 4500 | ||
|---|---|---|---|
| 001 | 0000024886 | ||
| 005 | 20151217155237.0 | ||
| 008 | 140323s xx 000 0 eng d | ||
| 020 | _a0073054615 : | ||
| 040 |
_aKABU _cKABU |
||
| 100 | 1 |
_aMcKinley, MMichael P. _@0000185141 |
|
| 245 | 1 | 0 |
_aAnatomy & physiology : _ban integrative approach / _cMichael P. McKinley, Valerie Dean O'Loughlin, Theresa Stouter Bidle. |
| 250 | _a1st ed. | ||
| 260 |
_aNew York : _bMcGraw-Hill, _c2013. |
||
| 300 | _axxxviii, 1169 p. | ||
| 650 | 0 |
_aHuman anatomy. _@0000155598 |
|
| 650 | 0 |
_aHuman physiology. _@0000155597 |
|
| 700 | 1 |
_aO'Loughlin, Valerie Dean. _@0000185142 |
|
| 700 | 1 |
_aBidle, Theresa Stouter. _@0000185143 |
|
| 852 | 1 | _9p4995 KES | |
| 908 | _a140323 | ||
| 950 | _@1 | ||
| 999 |
_c12250 _d12250 |
||